000 01319cac a2200373 i 4500
003 EG-GICUC
005 20260121101538.0
008 990205s2000 maua frb 001 0 eng d
020 _a0072282215
_qpbk.
020 _a9780072282214
_q(pbk.)
040 _aDLC
_cDLC
_dDLC
_dEG-GICUC
_beng
_erda
043 _an-us---
050 0 0 _aHV9950
_b.A353 2000
082 0 0 _a343..073
_221
092 0 4 _221
099 _aLaw 10 2000
100 1 _aAdler, Freda.
245 1 0 _aCriminal justice :
_ban introduction /
_cFreda Adler, Gerhard O.W. Mueller, William S. Laufer.
250 _a2nd edition.
264 _aBoston :
_bMcGraw-Hill,
_c2000.
300 _axxvi, 498 p.age :
_bcolor illustrations ;
_c28 cm.
336 _atext
_btxt
_2rdacontent
337 _aunmediated
_bn
_2rdamedia
338 _avolume
_bnc
_2rdacarrier
504 _aIncludes bibliographical references and index.
650 0 _aCriminal justice, Administration of
_zUnited States.
700 1 _aMueller, Gerhard O. W.
700 1 _aLaufer, William S.
856 4 2 _uhttps://fll.law.cu.edu.eg/fulltext/bks/ENGB10-00093.pdf
856 4 2 _3Publisher description
_uhttp://www.loc.gov/catdir/description/mh023/99017716.html
856 4 1 _3Table of contents
_uhttp://www.loc.gov/catdir/toc/mh023/99017716.html
905 _a10
942 _2ddc
_cBK
_e21
_n0
999 _c52534
_d52534